| 000 | 00780nam a22002177a 4500 | ||
|---|---|---|---|
| 005 | 20240530110615.0 | ||
| 008 | 161128s2014 ua g 000 1 eng d | ||
| 017 |
_a2014/1744 _bمصر. دار الكتب |
||
| 020 | _a9789774278884 | ||
| 040 |
_aEG-CaGPL _cEG-CaGPL |
||
| 082 | 0 | 4 |
_221 _a818.03\ _bإ م |
| 100 | 0 | _aابراهيم عبدالمجيد | |
| 245 | 1 | 0 |
_aما وراء الكتاب : _bتجربتى مع الابداع / _cابراهيم عبدالمجيد |
| 250 | _aط.1. | ||
| 260 |
_aالقاهرة : _bالدار المصرية اللبنانية ، _c2014 . |
||
| 300 |
_a308 ص. ؛ _c19 سم. |
||
| 650 | 0 | 7 |
_2qrmak _aالادب العربى |
| 653 | 0 | 4 | _aالمفكرات الادبية |
| 942 |
_2ddc _cBK |
||
| 999 |
_c62937 _d62937 |
||